• 首页
  • 本馆介绍
  • 公告通知
  • 最新文献
  • 馆藏检索
  • 电子资源
  • 读者导购
  • 参考咨询
  • 我的图书馆
  • 登录
  • 详细信息显示
  • 放入我的书架
  • 预约/预借图书
  • 作者相关作品
  • 分类相关作品
  • 丛书相关作品
  • 出版社相关作品

书目信息

  • 表格格式
  • 工作单格式
  • 卡片格式
题名:
图案基础与应用
    
 
作者: 胡家康 , 周信华 编著
分册:  
出版信息: 上海   东华大学出版社  2006
页数: 197页
开本: 28cm
丛书名:
单 册:
中图分类: J51
科图分类:
主题词: 图案--设计--基本知识 , 图案 , 设计
电子资源:
ISBN: 7-81111-095-4
000 00905nam0 2200277 450
001 012007914810
005 20070517095804.06
010    @a7-81111-095-4@dCNY53.00
100    @a20070512d2006 km y0chiy0120 ea
101 0  @achi
102    @aCN@b310000
105    @ay z 000yy
106    @ar
200 1  @a图案基础与应用@Atu an ji chu yu ying yong@f胡家康,周信华编著@Fhu jia kang,zhou xin hua bian zhu
210    @a上海@c东华大学出版社@d2006
215    @a197页@d28cm
300    @a高等院校艺术与设计(专业课程)系列推广教材
330    @a本书内容包括:导言、概述、中外图案艺术简介、图案的构成要素与类别划分、图案表现的特性与要求、图案设计的形式原理、图案造型问题等。
606 0  @a图案@x设计@x基本知识
606 0  @a图案
606 0  @a设计
690    @aJ51@v4
701  0 @a胡家康@Ahu jia kang@4编著
701  0 @a周信华@Azhou xin hua@4编著
801  0 @aCN@bRULIN@c20070517
905    @dJ51@e208@s5
    
    图案基础与应用/胡家康,周信华编著.-上海:东华大学出版社,2006
    197页;28cm
    高等院校艺术与设计(专业课程)系列推广教材
    
    ISBN 7-81111-095-4:CNY53.00
    本书内容包括:导言、概述、中外图案艺术简介、图案的构成要素与类别划分、图案表现的特性与要求、图案设计的形式原理、图案造型问题等。
●
相关链接 在E读中查询图书 在五车中查询图书 在当当中查询图书 在豆瓣中查询图书


正题名:图案基础与应用     索取号:J51/208         预约/预借

序号 登录号 条形码 馆藏地/架位号 状态 备注
1 0573067   205730672   第一样本阅览室/ [索取号:J51/208] 在馆    
2 0573068   205730681   第一借阅区/ [索取号:J51/208] 在馆    
3 0573069   205730690   第一借阅区/ [索取号:J51/208] 在馆    
4 0573070   205730707   第一借阅区/ [索取号:J51/208] 在馆    
5 0573071   205730716   第一借阅区/ [索取号:J51/208] 在馆    
唐山师范学院图书馆 欢迎您!
大连网信软件有限公司© 版权所有